000 00803nam a22002057a 4500
005 20220720093841.0
008 220720b ||||| |||| 00| 0 eng d
040 _cAloy
041 _ahin
082 _223
_aH891.4
_bKUMD
100 _aPrabhath Kumar: प्रभात कुमार
_951543
245 _aDamodhar ko jeene do: damodar nadhi ki gatha
_bदामोदर को जीने दो: दामोदर नदी की गाथा
260 _aPatna:
_bKisan Vikas Trust,
_c2005
300 _av,190p.
_bHB
_c22x14cm.
365 _2Hindi
650 _aHindi Prose: हिंदी गध्य
_951540
650 _aHindi Literature: हिंदी साहित्य
_951541
700 _aKUMAR (Prabhat): कुमार (प्रभात)
_951542
942 _2ddc
_cGF
999 _c224013
_d224013